| 000 | 00632nam a2200181 i 4500 | ||
|---|---|---|---|
| 001 | 27542 | ||
| 003 | ES-MaACL | ||
| 005 | 20230906153637.0 | ||
| 007 | t| | ||
| 008 | 030114s1965 sp ||||1| spa d | ||
| 100 | 1 |
_aAubry, Jean Marie. _923825 |
|
| 245 | 1 | 0 |
_aDinámica de grupos _b: iniciación a su espíritu y a algunas de sus técnicas / _cJean Marie Aubry, Ives Saint-Arnaud ; [Traducción por Luis Pérez Martínez]. |
| 260 |
_a[Madrid] : _bEuroamérica, _c[1965] |
||
| 300 |
_a99 p. ; _c18 cm. |
||
| 700 | 1 |
_aSaint-Arnaud, Ives. _9101510 |
|
| 700 | 1 |
_aPérez Martínez, Luis. _991009 |
|
| 852 |
_aES-MaACL _jC-28861 _bR.58028 |
||
| 999 |
_c27542 _d27542 |
||